№ 9; Зарубежная радиоэлектроника

Detalles Bibliográficos
Parent link:Зарубежная радиоэлектроника: научно-технический журнал. № 9.— , 1958-1995.— 0373-2428
Idioma:ruso
Publicado: 1979
Formato: MixedMaterials Libro
KOHA link:https://koha.lib.tpu.ru/cgi-bin/koha/opac-detail.pl?biblionumber=502028

MARC

LEADER 00000nam2a2200000 4500
001 502028
005 20231101102252.0
035 |a (RuTPU)RU\TPU\prd\172538 
035 |a RU\TPU\prd\172526 
090 |a 502028 
100 |a 20130325b1979 k y0rusy50 ca 
101 0 |a rus 
102 |a RU 
200 0 |a № 9 
210 |d 1979 
461 1 |0 (RuTPU)RU\TPU\prd\173  |x 0373-2428  |t Зарубежная радиоэлектроника  |o научно-технический журнал  |v № 9  |d 1958-1995 
801 0 |a RU  |b 63413507  |c 20010227  |g PSBO 
801 1 |a RU  |b 63413507  |c 20130325 
801 2 |a RU  |b 63413507  |c 20130325  |g RCR 
942 |c BK 
999 |a НТБ_ТПУ  |b НФ  |e -4/20130109  |p П-5471  |u 0,00  |v 1